000 00814nmm a2200265 a 4500
001 ocm0001411740
003 TR-IsHL
005 20201028164746.0
008 160220s2016 tu eng
007 cr cn
020 _a9786059654227
035 _a1411740
_b(N$T)
050 0 4 _aPZ7.S55478
_b.B386 2016
090 0 4 _aPZ7.S55478
_b.B386 2016
100 1 _aBaum, L. Frank
245 1 0 _aSky island
_h[electronic resource] /
_cL. Frank Baum
260 _aİstanbul :
_bE-Kitap Projesi,
_c2016
300 _a293 p.
650 4 _aDil ve Edebiyat
650 4 _aLanguage and Literature
650 0 _aÇocuk öyküleri
650 0 _aChildren story
650 7 _aJUVENILE FICTION / General
_2bisacsh
856 4 0 _uhttp://search.ebscohost.com/login.aspx?direct=true&scope=site&db=e011xww&AN=1411740
999 _c15698
_d15698